| 000 | 00717nam a22002417a 4500 | ||
|---|---|---|---|
| 003 | OSt | ||
| 005 | 20220924113703.0 | ||
| 006 | a|||||r|||| 00| 0 | ||
| 007 | ta | ||
| 008 | Pun | ||
| 024 | _a243582 | ||
| 037 | _cGeneral Books | ||
| 040 |
_aARTS _cARTS _bPun |
||
| 041 |
_2Pun _aPun |
||
| 082 | _aO153,1x, L5 | ||
| 100 | _aਪਿਆਰਾ ਸਿੰਘ ਪਦਮ | ||
| 245 | 0 | _aਮਿਰਗ਼ੇ ਦੀਆਂ ਸੱਦਾਂ | |
| 260 |
_aਪਟਿਆਲਾ _b ਸਰਦਾਰ ਸਾਹਿੱਤ ਭਵਨ _c1975 |
||
| 300 | _a108ਪੰ | ||
| 650 | _aਪੰਜਾਬੀ ਸਾਹਿਤ | ||
| 942 |
_hO153,1x, L5 _cGB _2CC |
||
| 999 |
_c390460 _d390460 |
||